| 000 | 00387nam a2200181Ia 4500 | ||
|---|---|---|---|
| 003 | OSt | ||
| 005 | 20230825100245.0 | ||
| 008 | 230312s9999||||xx |||||||||||||| ||und|| | ||
| 040 | _cabc | ||
| 082 |
_a612 _bTYL-P |
||
| 100 | _aTyler,Varro.E | ||
| 245 | 0 | _aPharmacognosy | |
| 250 | _a10th.ed | ||
| 300 | _a520 | ||
| 546 | _aEng. | ||
| 650 |
_aPharmacy _vPharmacognosy |
||
| 942 |
_cBK _2ddc |
||
| 999 |
_c3659 _d3659 |
||